000 00578nam a2200181Ia 4500
008 151202s9999||||xx |||||||||||||| ||und||
082 _bPNVM-67124
100 _aगजेन्द्रगडकर मोनिका.
245 _aभूप.
260 _b"मौज प्रकाशन गृह,मुंबई."
260 _c2006
300 _a152
600 _aगजेन्द्रगडकर मोनिका.
630 _aभूप.
700 _aगजेन्द्रगडकर मोनिका.
730 _aभूप.
942 _cBOOK
999 _c1333656
_d1333653